01072 2200349 4500001002100000005001500021035002000036007000300056040001700059100003900076245010000115250001000215300004800225504002500273020002200298041000800320082001000328084001600338090002100354264003000375336002100405337003000426338002300456650001100479700004200490700005100532700004500583850001000628008004100638990002200679990002100701INLIS00000000000787020260529115219 a0010-0922000359ta aSBPUPADbind0 aCita Yistisia SerfiyaniePengarang1 aFRANCHISE TOP SECRET :bRamuan Sukses Bisnis WARALABA Sepanjang Masa /cCita Yistisia Serfiyani aEd. 1 aviii, 304 hlm :bilus ;c17,5 x 24,5 cmeCD aBibliografi, hlm 255 a978-979-29-5317-6 aind a658.1 a658.1 CIT f a658.1 CIT f 23-2 aYogyakarta :bANDI,c2015 2rdacontentateks 2rdamediaatanpa perantara 2rdacarrieravolume 4aBisnis aEditor, Th. Arie PrabawatiePengarang aPengarang ke-2, Sefianto D. PurnomoePengarang aPengarang ke-3, Iswi HariyaniePengarang aPUPAD260529 0  a30.329/B/DPK/2018 a30.330/B/DPK/201